00722nam a2200229Ia 450000100060000000300090000600800410001504000130005604000130006904100130008210000330009510000290012824500490015724500860020625000110029226000120030326000180031526000490033330000570038265000220043965000310046176924IT-RoPAU130308s9999 xx 000 0 und d aIT-RoPAU cIT-RoPAU aITALIANO aRachmanov Nikolaj Nikolaevic gCodice Aut. SPICS: 27197 aMio lavoro di musicista al primo studio (Il) bTeatro Possibile (Il)-Stanislavskij e Il Primo Studio del Teatro d'arte di Mosca a1a ed. aFIRENZE bLa Casa Usher c1989 [1° Ed.:1989 - Ed.Ling.Originale:1970] a"4 p. (prefazione: no ; testo: 4 [pagine: 133-136])" aTEORICHE TEATRALI eCodice materia Spics: 8405